000 00820nam0a22002531 4500
001 rc\831867
005 20041129091856.9
035 _a(NLR Aleph) 006013873
090 _a7356938
_c7356938
100 _a20041129d1983 u |0rusy50 ca
101 0 _arus
102 _aRU
105 _aa |||||||||
200 1 _aХимия
_eЭксперим. учеб. для VII кл.
210 _aМ.
_cАПН СССР
_d1983
215 _a148 с.
_cил.
_d29
300 _aВ надзаг.: АПН СССР, НИИ содерж. и методов обучения
700 1 _aИванова
_bР. Г.
_gРаиса Георгиевна
701 1 _aМинченков
_bЕ. Е.
_gЕвгений Евгеньевич
801 0 _aRU
_bNLR
_gpsbo
801 1 _aRU
_bELAR
_2rusmarc
852 _aNLR
_j83-8/1213
942 _cBOOK
980 _aNB